000 00407nam a22001577a 4500
003 MPLRDC
005 20220104142823.0
008 210129b ||||| |||| 00| 0 eng d
082 _a051.5232 FJ-2
100 _a逢甲大学编
245 _a逢甲大学创校卅周年的回顾
_c
260 _a
_b逢甲大学编
_c1991
300 _b
650 _a学术纪要、学刊
942 _cBK
_o051.5232 FJ-2
999 _c33970
_d33960